[Event "Die Hard Tourney"]
[Site "SchemingMind.com"]
[Date "2010.11.17"]
[Round "-"]
[White "Negrito19"]
[Black "Eden"]
[Result "0-1"]
[WhiteCountry "ARG"]
[BlackCountry "CZE"]
[WhiteElo "1554"]
[WhiteRD "75"]
[BlackElo "1664"]
[BlackRD "74"]
[GameID "267160"]

1. e4 e5 2. Nf3 Qf6 3. d4 Bd6 4. Bg5 Qg6 5. h4 Qxe4+ 6. Be2 exd4 7. Qxd4 Qxd4 8. Nxd4 f6 9. Be3 Be5 10. Nf3 Bxb2
11. Bd4 Bxa1 12. Bxa1 Nc6 13. Nc3 d6 14. Bb5 Ne7 15. O-O a6 16. Ba4 b5 17. Bb3 Bb7 18. Re1 O-O-O 19. a4 b4 20. Be6+ Kb8
21. Na2 a5 22. c3 bxc3 23. Nxc3 Rhe8 24. Bf7 Rf8 25. Be6 Nb4 26. Bb3 Rde8 27. Rb1 Nf5 28. h5 Bxf3 29. gxf3 Nh4 30. Bd1 Kc8
31. Nb5 Re1+ 32. Kh2 Nxf3+ 33. Kg3 Ne5 34. Bc3 Re4 35. f3 Rc4 36. Bd4 c5 37. Nxd6+ Kc7 38. Nxc4 cxd4 39. Rc1 Kd7 40. Nxa5 Ra8
41. Nb7 Nbd3 42. Rb1 Kc6 43. f4 Nd7 44. Bf3+ Kc7 45. a5 Ra7 46. Be4 N7c5 47. Nxc5 Nxc5
0-1

[Event "Die Hard Tourney"]
[Site "SchemingMind.com"]
[Date "2010.11.17"]
[Round "-"]
[White "Eden"]
[Black "Negrito19"]
[Result "1-0"]
[WhiteCountry "CZE"]
[BlackCountry "ARG"]
[WhiteElo "1684"]
[WhiteRD "75"]
[BlackElo "1569"]
[BlackRD "72"]
[GameID "267161"]

1. c4 d5 2. Qb3 e6 3. g3 Nc6 4. Bg2 b6 5. cxd5 Na5 6. Qe3 Bb7 7. b3 Bc5 8. Qc3 Nf6 9. b4 Bxd5 10. Bxd5 Nxd5
11. Qxg7 Rf8 12. bxc5 Nf6 13. Bb2 Rg8 14. Qxf6 bxc5 15. Qc3 Nb7 16. Nf3 Qd5 17. Na3 a6 18. Qc2 h6 19. Qh7 Ke7 20. Qxh6 Nd6
21. d3 Nf5 22. Qf6+ Kf8 23. Kd2 Rb8 24. Bc3 Nd6 25. Ne5 Ne8 26. Qxf7#
1-0

[Event "Die Hard Tourney"]
[Site "SchemingMind.com"]
[Date "2010.11.18"]
[Round "-"]
[White "ampp"]
[Black "Negrito19"]
[Result "0-1"]
[WhiteCountry "POR"]
[BlackCountry "ARG"]
[WhiteElo "1281"]
[WhiteRD "53"]
[BlackElo "1569"]
[BlackRD "72"]
[GameID "267219"]

1. e4 e5 2. Nf3 d6 3. Nc3 a6 4. Bc4 b5 5. Bb3 Bb7 6. O-O Nf6 7. d3 h6 8. Re1 Nc6 9. Be3 Na5 10. h3 Nxb3
11. axb3 d5 12. exd5 Nxd5 13. Nxd5 Bxd5 14. Nxe5 Bd6 15. Nf3 O-O 16. c4 bxc4 17. bxc4 Bb7 18. d4 Qf6 19. c5 Be7 20. Ne5 Qf5
21. g4 Qe4 22. c6 Bxc6 23. Nxc6 Qxc6 24. d5 Qb7 25. b3 Rfd8 26. Bxh6 Rxd5 27. Qe2 Bf6 28. Bd2 Bxa1
0-1

[Event "Die Hard Tourney"]
[Site "SchemingMind.com"]
[Date "2010.11.17"]
[Round "-"]
[White "ampp"]
[Black "Eden"]
[Result "0-1"]
[WhiteCountry "POR"]
[BlackCountry "CZE"]
[WhiteElo "1212"]
[WhiteRD "61"]
[BlackElo "1638"]
[BlackRD "75"]
[GameID "267220"]

1. e4 d6 2. d4 d5 3. e5 a6 4. Nc3 e6 5. Nf3 c5 6. dxc5 Bxc5 7. Bd3 b5 8. O-O Qb6 9. a3 f6 10. b4 Bd4
11. Nxd4 Qxd4 12. Bb2 Qh4 13. exf6 Nxf6 14. Qf3 O-O 15. Qg3 Qh5 16. Rae1 Nc6 17. Ne2 e5 18. f4 e4 19. Bxf6 Rxf6
0-1

[Event "Die Hard Tourney"]
[Site "SchemingMind.com"]
[Date "2010.11.18"]
[Round "-"]
[White "Negrito19"]
[Black "ampp"]
[Result "1-0"]
[WhiteCountry "ARG"]
[BlackCountry "POR"]
[WhiteElo "1569"]
[WhiteRD "72"]
[BlackElo "1281"]
[BlackRD "53"]
[GameID "267221"]

1. d4 d5 2. Nf3 Nc6 3. h3 Nf6 4. Bg5 h6 5. Bxf6 exf6 6. Nc3 Be6 7. a3 Bd6 8. e3 O-O 9. Bd3 a6 10. e4 dxe4
11. Nxe4 Be7 12. c3 b5 13. Qc2 f5 14. Nc5 Bd5 15. Bxf5 Bxf3 16. gxf3 Bxc5 17. dxc5 Qe7+ 18. Be4 Rad8 19. Kf1 f5 20. Bxc6 Qxc5
21. Bb7 Rb8 22. Bxa6 Rb6 23. b4 Qc4+ 24. Kg2
1-0

[Event "Die Hard Tourney"]
[Site "SchemingMind.com"]
[Date "2010.11.17"]
[Round "-"]
[White "Eden"]
[Black "ampp"]
[Result "1-0"]
[WhiteCountry "CZE"]
[BlackCountry "POR"]
[WhiteElo "1638"]
[WhiteRD "75"]
[BlackElo "1212"]
[BlackRD "61"]
[GameID "267222"]

1. g3 e5 2. Bg2 d5 3. e3 e4 4. d3 Nf6 5. a3 Nc6 6. Nc3 Bg4 7. Qd2 Bd6 8. dxe4 Qd7 9. exd5 Ne5 10. h3 Bh5
11. g4 Bg6 12. f4 Nc4 13. Qd4 Nb6 14. f5
1-0

[Event "Die Hard Tourney"]
[Site "SchemingMind.com"]
[Date "2010.11.18"]
[Round "-"]
[White "thefriediceman"]
[Black "Negrito19"]
[Result "1-0"]
[WhiteCountry "USA"]
[BlackCountry "ARG"]
[WhiteElo "1974"]
[WhiteRD "75"]
[BlackElo "1554"]
[BlackRD "75"]
[GameID "267228"]

1. e4 e5 2. Nf3 d6 3. Bc4 h6 4. d4 Bg4 5. dxe5 Nc6 6. exd6 Bxf3 7. Qxf3 Qxd6 8. Qxf7+ Kd8 9. Qd5 Nf6 10. Qxd6+ Bxd6
11. Nc3 Bb4 12. Bd2 Re8 13. f3 g5 14. O-O-O Ke7 15. Bb5 a6 16. Bxc6 bxc6 17. Ne2 Bd6 18. Nd4 c5 19. Nf5+ Kd7 20. Nxh6 Nh7
21. Nf7 g4 22. Nxd6 cxd6 23. Bf4 Re6 24. fxg4 Kc7 25. Rhe1 Rd8 26. g5 Kb7 27. Rd3 Rf8 28. Bxd6 Rf2 29. Bxc5 Rxg2 30. Rd7+ Kc6
31. Rxh7 Kxc5 32. h4 Kd4 33. Rd7+ Ke5 34. Rd8 Rg4 35. Rd5+ Kf4 36. Rf5+ Kg3 37. Rg1+ Kxh4 38. Rxg4+ Kxg4 39. Rf6 Rxe4 40. Rxa6 Kxg5
41. b3 Kf4 42. a4 Rd4 43. Kb2 Ke3 44. Kc3 Rf4 45. a5 Ke2 46. Rd6 Rf5 47. b4 Rb5 48. Kc4 Rb8 49. b5 Ke3 50. a6 Ra8
51. Kc5 Ke4 52. Kb6
1-0

[Event "Die Hard Tourney"]
[Site "SchemingMind.com"]
[Date "2010.11.18"]
[Round "-"]
[White "thefriediceman"]
[Black "Eden"]
[Result "1-0"]
[WhiteCountry "USA"]
[BlackCountry "CZE"]
[WhiteElo "1922"]
[WhiteRD "71"]
[BlackElo "1684"]
[BlackRD "75"]
[GameID "267229"]

1. e4 d6 2. d4 d5 3. Nc3 dxe4 4. Nxe4 Bf5 5. Ng3 Qd5 6. Nxf5 Qxf5 7. Bd3 Qd5 8. Nf3 Nc6 9. c4 Qe6+ 10. Be3 Qf6
11. Qa4 Kd8 12. O-O e5 13. Bg5
1-0

[Event "Die Hard Tourney"]
[Site "SchemingMind.com"]
[Date "2010.11.18"]
[Round "-"]
[White "thefriediceman"]
[Black "ampp"]
[Result "1-0"]
[WhiteCountry "USA"]
[BlackCountry "POR"]
[WhiteElo "1936"]
[WhiteRD "71"]
[BlackElo "1212"]
[BlackRD "61"]
[GameID "267230"]

1. e4 d6 2. d4 g6 3. Nf3 Bg7 4. Nc3 Nf6 5. Be2 O-O 6. O-O Nc6 7. d5 Ne5 8. Nxe5 dxe5 9. Be3 c6 10. dxc6 bxc6
11. h3 Qxd1 12. Rfxd1 Rb8 13. Rab1 c5 14. Bxc5 Bb7 15. Bxe7
1-0

[Event "Die Hard Tourney"]
[Site "SchemingMind.com"]
[Date "2010.11.18"]
[Round "-"]
[White "Negrito19"]
[Black "thefriediceman"]
[Result "0-1"]
[WhiteCountry "ARG"]
[BlackCountry "USA"]
[WhiteElo "1560"]
[WhiteRD "77"]
[BlackElo "1922"]
[BlackRD "76"]
[GameID "267231"]

1. e4 e5 2. Nf3 Nc6 3. Bb5 a6 4. Bxc6 dxc6 5. Nxe5 Qd4 6. Ng4 Qxe4+ 7. Ne3 Be6 8. d3 Qg6 9. Nc3 O-O-O 10. Qf3 Nf6
11. h3 Bb4 12. Bd2 Rhe8 13. a3 Bxc3 14. Bxc3 Bd5 15. Qg3 Qxg3 16. fxg3 Rxe3+ 17. Kf2 Re6 18. b4 Rde8 19. Rh2 Re2+ 20. Kf1 Rxc2
21. Bxf6 gxf6 22. h4 Ree2 23. Kg1 Rxg2+ 24. Rxg2 Rxg2+ 25. Kf1 Rh2 26. Re1 Rh1+ 27. Ke2 Rxe1+ 28. Kxe1 Kd7 29. Ke2 Ke6 30. Ke3 Kf5
31. Kf2 Kg4 32. d4 b5 33. h5 Kxh5 34. Kg1 Kg4 35. Kh2 f5 36. Kg1 Kxg3 37. Kf1 Kf3 38. Ke1 Kg2 39. Kd2 Kf2 40. Kc3 h5
41. Kd3 h4 42. Kd2 h3 43. Kc3 h2 44. Kd3 h1=Q 45. Kc3 Qc1+ 46. Kd3 Bc4#
0-1

[Event "Die Hard Tourney"]
[Site "SchemingMind.com"]
[Date "2010.11.17"]
[Round "-"]
[White "Eden"]
[Black "thefriediceman"]
[Result "0-1"]
[WhiteCountry "CZE"]
[BlackCountry "USA"]
[WhiteElo "1684"]
[WhiteRD "75"]
[BlackElo "1922"]
[BlackRD "71"]
[GameID "267232"]

1. c4 e5 2. Nc3 Nf6 3. d3 Nc6 4. Bg5 h6 5. Bxf6 Qxf6 6. a3 Nd4 7. b4 d6 8. e3 Ne6 9. Qb3 c6 10. g3 Ng5
11. h4 Nf3+ 12. Kd1 Nxg1 13. Rxg1 Qxf2 14. Ne2 Qxe3 15. Rg2 Bh3 16. Rg1 Bg4 17. Ra2 Qxg1 18. Ke1 Qe3 19. Rd2 Bxe2 20. Rxe2 Qxg3+
21. Rf2 Qxh4 22. c5 d5 23. Qb2 Qg3 24. b5 Bxc5
0-1

[Event "Die Hard Tourney"]
[Site "SchemingMind.com"]
[Date "2010.11.18"]
[Round "-"]
[White "ampp"]
[Black "thefriediceman"]
[Result "0-1"]
[WhiteCountry "POR"]
[BlackCountry "USA"]
[WhiteElo "1212"]
[WhiteRD "61"]
[BlackElo "1936"]
[BlackRD "71"]
[GameID "267233"]

1. e4 e5 2. Nf3 Nc6 3. Bb5 a6 4. Ba4 Nf6 5. Nc3 b5 6. Bb3 Be7 7. O-O d6 8. d3 Na5 9. Bd2 Nxb3 10. axb3 Bb7
11. h3 O-O 12. Be3 b4 13. Ne2 Nd7 14. c3 a5 15. cxb4 axb4 16. Rxa8 Qxa8 17. d4 Bxe4
0-1

[Event "Die Hard Tourney"]
[Site "SchemingMind.com"]
[Date "2010.11.20"]
[Round "-"]
[White "Apatchenlama"]
[Black "Negrito19"]
[Result "0-1"]
[WhiteCountry "GER"]
[BlackCountry "ARG"]
[WhiteElo "1872"]
[WhiteRD "85"]
[BlackElo "1554"]
[BlackRD "75"]
[GameID "267304"]

1. d4 d5 2. c4 dxc4 3. Nf3 Nf6 4. g3 e6 5. Bg2 c6 6. Ne5 Nd5 7. Nxc4 b5 8. Ne5 f6 9. Nd3 Ba6 10. O-O Nd7
11. Nc3 N7b6 12. Ne4 h6 13. Nec5 Bxc5 14. Nxc5 Bc8 15. e4 Ne7 16. Qg4 f5 17. Qxg7 Rg8 18. Qxh6 Qxd4 19. Nxe6 Bxe6 20. Qxe6 Rg6
21. Qb3 fxe4 22. Be3 Qd8 23. Bxe4 Rg4 24. Bxc6+ Nd7 25. Rad1 Nxc6 26. Qe6+ Qe7 27. Qxg4 O-O-O 28. Rc1 Kb7 29. Qf3 Ne5 30. Bf4 Nxf3+
0-1

[Event "Die Hard Tourney"]
[Site "SchemingMind.com"]
[Date "2010.11.19"]
[Round "-"]
[White "Apatchenlama"]
[Black "thefriediceman"]
[Result "0-1"]
[WhiteCountry "GER"]
[BlackCountry "USA"]
[WhiteElo "1872"]
[WhiteRD "85"]
[BlackElo "1974"]
[BlackRD "75"]
[GameID "267305"]

1. d4 Nf6 2. Nf3 g6 3. c4 Bg7 4. g3 O-O 5. Bg2 d6 6. Nc3 Nc6 7. O-O a6 8. h3 Bd7 9. e4 e5 10. Be3 exd4
11. Nxd4 Re8 12. a3 Nxd4 13. Bxd4 Bc6 14. Re1 Qd7 15. Qc2 Rac8 16. b4 b5 17. c5 Ba8 18. Rad1 Rcd8 19. Kh2 Qc8 20. cxd6 cxd6
21. Bb6 Rd7 22. Rd2 Qc6 23. Be3 Rc8 24. Rc1 Qc4 25. f3 Ne8 26. Ne2 Rdc7 27. Qd1 Qe6
0-1

[Event "Die Hard Tourney"]
[Site "SchemingMind.com"]
[Date "2010.11.18"]
[Round "-"]
[White "Apatchenlama"]
[Black "Eden"]
[Result "0-1"]
[WhiteCountry "GER"]
[BlackCountry "CZE"]
[WhiteElo "1864"]
[WhiteRD "85"]
[BlackElo "1631"]
[BlackRD "74"]
[GameID "267306"]

1. d4 e6 2. c4 c5 3. d5 Qf6 4. Nf3 d6 5. Nc3 g6 6. Bg5 Qg7 7. e4 h6 8. Bd2 g5 9. h3 f5 10. exf5 exf5
11. Bd3 a6 12. Qa4+ Kf7 13. O-O-O Bd7 14. Qc2 Ne7 15. Rde1 g4 16. hxg4 Qxg4 17. Nh4 Qd4 18. Nxf5 Bxf5 19. Bxf5 Bg7 20. Be6+ Ke8
21. Qg6+ Nxg6 22. Re4 Qxf2 23. Bc8+ Kd8 24. Bh3 Nd7 25. Re6 Nge5 26. Rxd6 Kc7 27. Ne4 Qd4
0-1

[Event "Die Hard Tourney"]
[Site "SchemingMind.com"]
[Date "2010.11.18"]
[Round "-"]
[White "Apatchenlama"]
[Black "ampp"]
[Result "1-0"]
[WhiteCountry "GER"]
[BlackCountry "POR"]
[WhiteElo "1845"]
[WhiteRD "91"]
[BlackElo "1281"]
[BlackRD "53"]
[GameID "267307"]

1. d4 Nf6 2. Nf3 d5 3. g3 Nc6 4. c4 e6 5. Bg2 Bb4+ 6. Bd2 Bxd2+ 7. Nbxd2 O-O 8. O-O Bd7 9. Rc1 a6 10. cxd5 exd5
11. Ne1 Be6 12. Nd3 Nxd4 13. e3 Nc6 14. Nb3 Rb8 15. Nf4 Bg4 16. Qc2 Ne5 17. Qxc7 g5 18. Qxe5 gxf4 19. Qxf4 Qe7 20. Rc7 Qe6
21. Nd4
1-0

[Event "Die Hard Tourney"]
[Site "SchemingMind.com"]
[Date "2010.11.21"]
[Round "-"]
[White "Negrito19"]
[Black "Apatchenlama"]
[Result "1-0"]
[WhiteCountry "ARG"]
[BlackCountry "GER"]
[WhiteElo "1566"]
[WhiteRD "84"]
[BlackElo "1833"]
[BlackRD "95"]
[GameID "267308"]

1. d4 g6 2. e4 d6 3. Nc3 Nf6 4. Bg5 e5 5. Nf3 exd4 6. Qxd4 Bg7 7. Nd5 Nbd7 8. O-O-O h6 9. Bf4 O-O 10. Bc4 Nxd5
11. Qxd5 Qf6 12. e5 dxe5 13. Bg3 c6 14. Qd6 e4 15. Qxf6 Bxf6 16. Nd2 Bg5 17. Kb1 Nb6 18. Bb3 a5 19. Nxe4 a4 20. Bxf7+ Rxf7
21. h4 Be7 22. f4 Nd5 23. h5 Kg7 24. hxg6 Kxg6 25. Rdf1 Bf5 26. Nd2 Ne3 27. Rc1 Rd8 28. Nf3 a3 29. Ne5+ Kg7 30. Nxf7 Kxf7
31. Bh4 Bxh4 32. Rxh4 axb2 33. Kxb2 Kg6 34. Rh2 Rd2 35. Kb3 Rxg2 36. Rxg2+ Nxg2 37. Rg1 Bh3 38. Rh1 Nxf4 39. Rg1+ Bg2 40. Kc3 b5
41. Kd2 Kf5 42. Ke1 Ke4 43. Kf2 h5 44. Re1+ Kf5 45. Kg3 Be4 46. Rf1 h4+ 47. Kxh4
1-0

[Event "Die Hard Tourney"]
[Site "SchemingMind.com"]
[Date "2010.11.19"]
[Round "-"]
[White "thefriediceman"]
[Black "Apatchenlama"]
[Result "1-0"]
[WhiteCountry "USA"]
[BlackCountry "GER"]
[WhiteElo "1922"]
[WhiteRD "76"]
[BlackElo "1864"]
[BlackRD "85"]
[GameID "267309"]

1. e4 c6 2. d4 d5 3. Nc3 dxe4 4. Nxe4 Nf6 5. Nxf6+ exf6 6. c3 Bd6 7. Bd3 O-O 8. Qc2 Re8+ 9. Ne2 g6 10. h4 Be6
11. h5 f5 12. hxg6 fxg6 13. Bh6 Qf6 14. O-O-O Qf7 15. b3 a5 16. Nf4 Bxf4+ 17. Bxf4 a4 18. c4 axb3 19. axb3 Nd7 20. Kb2 b5
21. cxb5 cxb5 22. Bxb5 Rec8 23. Qd3 Nf6 24. Rc1 Nd5 25. Bd2 Rcb8 26. Bc4 Nb6 27. Bxe6 Qxe6 28. Rc7 Nd5 29. Rcxh7 Qf6 30. Qc4 Rd8
31. Rc7 Qd6 32. Rhh7 Qa3+ 33. Kc2 Qa2+ 34. Kd3 Qb1+ 35. Ke2 Qe4+ 36. Kd1 Qe6 37. Rcg7+ Kf8 38. Bb4+ Rd6 39. Bxd6+ Qxd6 40. Rf7+ Kg8
41. Rd7 Ra1+ 42. Kc2
1-0

[Event "Die Hard Tourney"]
[Site "SchemingMind.com"]
[Date "2010.11.18"]
[Round "-"]
[White "Eden"]
[Black "Apatchenlama"]
[Result "0-1"]
[WhiteCountry "CZE"]
[BlackCountry "GER"]
[WhiteElo "1623"]
[WhiteRD "73"]
[BlackElo "1862"]
[BlackRD "88"]
[GameID "267310"]

1. c4 Nf6 2. Nc3 e6 3. a3 Bc5 4. b4 Bd4 5. Bb2 d5 6. d3 Ng4 7. e3 Nxf2 8. Kxf2 Qf6+ 9. Qf3 Bxc3 10. Bxc3 Qxc3
11. Re1 Nc6 12. cxd5 exd5 13. Qxd5 Be6 14. Qe4 O-O 15. b5 Ne5 16. Qxb7 Ng4+ 17. Kg3 Qxe1+ 18. Kf4 Qxe3#
0-1

[Event "Die Hard Tourney"]
[Site "SchemingMind.com"]
[Date "2010.11.18"]
[Round "-"]
[White "ampp"]
[Black "Apatchenlama"]
[Result "0-1"]
[WhiteCountry "POR"]
[BlackCountry "GER"]
[WhiteElo "1281"]
[WhiteRD "53"]
[BlackElo "1845"]
[BlackRD "91"]
[GameID "267311"]

1. e4 c6 2. d4 d5 3. exd5 cxd5 4. Nc3 Nc6 5. Nf3 Nf6 6. Be2 Bg4 7. h3 Bh5 8. Bg5 e6 9. O-O Be7 10. Bd3 Bxf3
11. Qxf3 Nxd4 12. Qe3 Nc6 13. a3 O-O 14. b4 a6 15. Na4 Nd7 16. c4 Bxg5 17. Qe2 dxc4 18. Bxc4 b5
0-1

[Event "Die Hard Tourney"]
[Site "SchemingMind.com"]
[Date "2010.11.20"]
[Round "-"]
[White "dvaldez"]
[Black "Negrito19"]
[Result "1-0"]
[WhiteCountry "CAN"]
[BlackCountry "ARG"]
[WhiteElo "1816"]
[WhiteRD "84"]
[BlackElo "1554"]
[BlackRD "75"]
[GameID "267395"]

1. e4 e5 2. Nf3 d6 3. d4 Nf6 4. dxe5 Nxe4 5. Bd3 Bf5 6. O-O d5 7. c3 Nc6 8. Nd4 Nxd4 9. cxd4 a6 10. a4 c5
11. Be3 Qb6 12. Bxe4 Bxe4 13. dxc5 Bxc5 14. Bxc5 Qxc5 15. Nc3 Rd8 16. Qg4 Bg6 17. e6 O-O 18. Rfe1 fxe6 19. Qxe6+ Kh8 20. Qe2 d4
21. Nd1 d3 22. Qd2 Bh5 23. Nc3 Rf6 24. Re3 Bg6 25. Rae1
1-0

[Event "Die Hard Tourney"]
[Site "SchemingMind.com"]
[Date "2010.11.19"]
[Round "-"]
[White "dvaldez"]
[Black "Apatchenlama"]
[Result "0-1"]
[WhiteCountry "CAN"]
[BlackCountry "GER"]
[WhiteElo "1816"]
[WhiteRD "84"]
[BlackElo "1872"]
[BlackRD "85"]
[GameID "267396"]

1. e4 c6 2. d4 d5 3. Nd2 dxe4 4. Nxe4 Nf6 5. Nxf6+ exf6 6. c3 Bd6 7. Bd3 O-O 8. Qc2 Re8+ 9. Ne2 g6 10. h4 Be6
11. h5 f5 12. hxg6 fxg6 13. Bh6 c5 14. O-O-O Nc6 15. Kb1 Qa5 16. b3 cxd4 17. Nxd4 Nxd4 18. cxd4 Rac8 19. Qd2 Qb6 20. Qb2 Bd5
21. f3 Be7 22. Rhe1 Bf6 23. Rxe8+ Rxe8 24. Bc4 Bxc4
0-1

[Event "Die Hard Tourney"]
[Site "SchemingMind.com"]
[Date "2010.11.19"]
[Round "-"]
[White "dvaldez"]
[Black "thefriediceman"]
[Result "0-1"]
[WhiteCountry "CAN"]
[BlackCountry "USA"]
[WhiteElo "1816"]
[WhiteRD "84"]
[BlackElo "1974"]
[BlackRD "75"]
[GameID "267397"]

1. e4 e5 2. Nf3 Nc6 3. Bb5 a6 4. Ba4 Nf6 5. O-O Be7 6. Re1 b5 7. Bb3 O-O 8. c3 d6 9. h3 Na5 10. Bc2 c5
11. d4 Qc7 12. Nbd2 cxd4 13. cxd4 Nc6 14. Nb3 a5 15. Be3 a4 16. Nbd2 Bd7 17. Rc1 Qb7 18. d5 Nb4 19. Bb1 Rfc8 20. Qe2 Rc7
21. a3 Na6 22. Nh2 Rac8 23. Ndf1 Nc5 24. Ng3 Nb3 25. Rxc7 Rxc7 26. f4 exf4 27. Bxf4 b4 28. Ng4 Nxg4 29. hxg4 bxa3 30. bxa3 Nc1
31. Bxc1 Qxb1 32. Bd2 Qb3 33. Qf3 Bh4 34. Re3 Qb2 35. Bb4 Qe5 36. Ne2 Be7 37. Bc3 Qg5 38. Bb4 Qxg4 39. Qxg4 Bxg4
0-1

[Event "Die Hard Tourney"]
[Site "SchemingMind.com"]
[Date "2010.11.20"]
[Round "-"]
[White "dvaldez"]
[Black "Eden"]
[Result "0-1"]
[WhiteCountry "CAN"]
[BlackCountry "CZE"]
[WhiteElo "1816"]
[WhiteRD "84"]
[BlackElo "1664"]
[BlackRD "74"]
[GameID "267398"]

1. e4 c5 2. Nf3 Nc6 3. d4 e6 4. d5 Ne5 5. c3 Ng4 6. Be2 Qb6 7. O-O Bd6 8. h3 Ne5 9. Nfd2 g5 10. dxe6 dxe6
11. Na3 Nf6 12. Ndc4 Nxc4 13. Nxc4 Bh2+ 14. Kxh2 Qc7+ 15. Nd6+ Ke7 16. e5 Ne8 17. Bxg5+ f6 18. Nxe8 Rxe8 19. Bxf6+ Kf8 20. Bb5 Re7
21. Bxe7+ Kxe7 22. Qh5 Bd7
0-1

[Event "Die Hard Tourney"]
[Site "SchemingMind.com"]
[Date "2010.11.19"]
[Round "-"]
[White "dvaldez"]
[Black "ampp"]
[Result "1-0"]
[WhiteCountry "CAN"]
[BlackCountry "POR"]
[WhiteElo "1992"]
[WhiteRD "84"]
[BlackElo "1212"]
[BlackRD "61"]
[GameID "267399"]

1. e4 d6 2. d4 g6 3. Nc3 Bg7 4. Nf3 Nc6 5. h3 Nf6 6. Be2 O-O 7. O-O a6 8. a4 Bd7 9. Be3 Re8 10. Re1 e5
11. d5 Ne7 12. Qd2 c6 13. a5 cxd5 14. Bb6 Qc8 15. exd5 Bb5 16. Bxb5 axb5 17. Nxb5 Rb8 18. Nxd6
1-0

[Event "Die Hard Tourney"]
[Site "SchemingMind.com"]
[Date "2010.11.20"]
[Round "-"]
[White "Negrito19"]
[Black "dvaldez"]
[Result "1-0"]
[WhiteCountry "ARG"]
[BlackCountry "CAN"]
[WhiteElo "1554"]
[WhiteRD "75"]
[BlackElo "1816"]
[BlackRD "84"]
[GameID "267400"]

1. e4 c5 2. d4 cxd4 3. Qxd4 Nc6 4. Qc3 e5 5. a3 Nf6 6. Bg5 Nxe4 7. Bxd8 Nxc3 8. Nxc3 Kxd8 9. O-O-O Bc5 10. f3 Be3+
11. Kb1 Nd4 12. Nge2 a6 13. Nd5 b5 14. Nxe3 Ne6 15. g4 Bb7 16. Bg2 Kc7 17. Nd5+ Kc6 18. f4 Kc5 19. f5 Nd4 20. Nxd4 exd4
21. b4+ Kd6 22. Rxd4 Ke5 23. Rhd1 Bxd5 24. Rxd5+ Kf6 25. Rd6+ Kg5 26. Bxa8 Rxa8 27. h3 h5 28. gxh5 Kxh5 29. Rg1
1-0

[Event "Die Hard Tourney"]
[Site "SchemingMind.com"]
[Date "2010.11.19"]
[Round "-"]
[White "Apatchenlama"]
[Black "dvaldez"]
[Result "1-0"]
[WhiteCountry "GER"]
[BlackCountry "CAN"]
[WhiteElo "1872"]
[WhiteRD "85"]
[BlackElo "1816"]
[BlackRD "84"]
[GameID "267401"]

1. d4 Nf6 2. Nf3 g6 3. c4 Bg7 4. g3 O-O 5. Bg2 d6 6. O-O Nbd7 7. Nc3 e5 8. e4 c6 9. h3 Qb6 10. d5 cxd5
11. Nxd5 Nxd5 12. cxd5 Nc5 13. Qe2 f5 14. Be3 f4 15. Bxc5 Qxc5 16. Rfc1 Qb6 17. Rc3 fxg3 18. Kh1 gxf2 19. Rf1 Rf4 20. Rxf2 Rxe4
21. Qxe4 Qxf2 22. Qh4 Qxh4 23. Nxh4 Bf6 24. Rc7 Bxh4 25. Kh2
1-0

[Event "Die Hard Tourney"]
[Site "SchemingMind.com"]
[Date "2010.11.19"]
[Round "-"]
[White "thefriediceman"]
[Black "dvaldez"]
[Result "1-0"]
[WhiteCountry "USA"]
[BlackCountry "CAN"]
[WhiteElo "1974"]
[WhiteRD "75"]
[BlackElo "1816"]
[BlackRD "84"]
[GameID "267402"]

1. e4 c5 2. Nf3 Nc6 3. d4 cxd4 4. Nxd4 Nf6 5. Nc3 e5 6. Ndb5 d6 7. Bg5 a6 8. Na3 b5 9. Nd5 Be7 10. Bxf6 Bxf6
11. c3 O-O 12. Nc2 Bg5 13. a4 bxa4 14. Rxa4 a5 15. Bc4 Rb8 16. Ra2 Kh8 17. Nce3 g6 18. h4 Bxh4 19. g3 Bg5 20. f4 exf4
21. gxf4 Bf6 22. b4 axb4 23. Rah2 Bg7 24. Rxh7+ Kg8 25. Ng4 Re8 26. Nh6+ Kf8 27. Qc2 Bf5 28. Nxf5 gxf5 29. Rxg7 Rxe4+ 30. Kd1 Qa5
31. Rg8+ Kxg8 32. Qg2+ Kf8 33. Rh8#
1-0

[Event "Die Hard Tourney"]
[Site "SchemingMind.com"]
[Date "2010.11.20"]
[Round "-"]
[White "Eden"]
[Black "dvaldez"]
[Result "1-0"]
[WhiteCountry "CZE"]
[BlackCountry "CAN"]
[WhiteElo "1664"]
[WhiteRD "74"]
[BlackElo "1816"]
[BlackRD "84"]
[GameID "267403"]

1. g3 Nf6 2. Nf3 g6 3. Bg2 Bg7 4. O-O O-O 5. h4 d5 6. c3 c5 7. d3 Nc6 8. Bg5 h6 9. Bxf6 Bxf6 10. Qd2 Kh7
11. Na3 a6 12. Nh2 e5 13. e4 Be6 14. f4 exf4 15. Qxf4 Be5 16. Qf3 dxe4 17. dxe4 Qc7 18. Kf2 f5 19. Qe3 fxe4+ 20. Kg1 Rxf1+
21. Nxf1
1-0

[Event "Die Hard Tourney"]
[Site "SchemingMind.com"]
[Date "2010.11.19"]
[Round "-"]
[White "ampp"]
[Black "dvaldez"]
[Result "0-1"]
[WhiteCountry "POR"]
[BlackCountry "CAN"]
[WhiteElo "1212"]
[WhiteRD "61"]
[BlackElo "1992"]
[BlackRD "84"]
[GameID "267404"]

1. e4 c5 2. c3 d5 3. exd5 Qxd5 4. Nf3 Nc6 5. d4 Bg4 6. Be2 cxd4 7. cxd4 e6 8. Nc3 Qa5 9. Bd2 Qd8 10. O-O Nf6
11. h3 Bh5 12. g4 Bg6 13. g5 Nd5 14. Nxd5 Qxd5 15. Bc3 Be7 16. h4 h6 17. gxh6 Rxh6 18. Bd3 Bxh4 19. Bxg6 Rxg6+
0-1

[Event "Die Hard Tourney"]
[Site "SchemingMind.com"]
[Date "2010.11.20"]
[Round "-"]
[White "capablanca"]
[Black "dvaldez"]
[Result "0-1"]
[WhiteCountry "GER"]
[BlackCountry "CAN"]
[WhiteElo "1655"]
[WhiteRD "54"]
[BlackElo "1992"]
[BlackRD "84"]
[GameID "267436"]

1. e4 c5 2. Nf3 Nc6 3. d4 cxd4 4. Nxd4 Nf6 5. Nc3 e5 6. Nb3 Bb4 7. Bg5 h6 8. Bxf6 Bxc3+ 9. bxc3 Qxf6 10. Bc4 d6
11. Nd2 Be6 12. Bb3 O-O 13. Bxe6 fxe6 14. Nf3 Rad8 15. O-O d5 16. exd5 exd5 17. Qe2 e4 18. Nd4 Nxd4 19. cxd4 Qxd4 20. Rfd1 Qf6
21. Rab1 Qc6 22. Rb3 a6 23. Rdb1 b5 24. a4 Qc4 25. Qxc4 dxc4 26. Rb4 Rd2 27. axb5 axb5 28. Rxb5 Rfxf2
0-1

[Event "Die Hard Tourney"]
[Site "SchemingMind.com"]
[Date "2010.11.20"]
[Round "-"]
[White "capablanca"]
[Black "Negrito19"]
[Result "1-0"]
[WhiteCountry "GER"]
[BlackCountry "ARG"]
[WhiteElo "1669"]
[WhiteRD "57"]
[BlackElo "1560"]
[BlackRD "77"]
[GameID "267437"]

1. e4 e5 2. Nf3 d6 3. Bc4 h6 4. d4 Bg4 5. dxe5 f6 6. exd6 Bxf3 7. Qxf3 Bxd6 8. Qh5+ Kd7 9. Qf5+ Ke8 10. Qe6+ Qe7
11. Qc8+ Qd8 12. Bf7+ Kxf7 13. Qxd8 Be7 14. Qxc7 Nc6 15. Bf4 Rd8 16. O-O g5 17. Be3 Kg6 18. Qxb7 Ne5 19. Nc3 Rd7 20. Qa6 Bd6
21. Nd5 h5 22. f4 Ng4 23. fxg5 fxg5 24. Rf5 Nxe3 25. Nxe3 Ne7 26. Rf2 Rh6 27. e5 Kg7 28. exd6 Rhxd6 29. Qc4 Nd5 30. Nxd5 Rxd5
31. Raf1 h4 32. Rf7+ Rxf7 33. Rxf7+ Kxf7 34. Qxd5+ Kg6 35. c4 Kh5 36. h3 Kh6 37. c5 a5 38. c6 a4 39. c7 Kg7 40. Qxg5+ Kf7
41. Qxh4
1-0